Juan Ramón Jiménez en su poesía

Saved in:
Bibliografiske detaljer
Hovedforfatter: Díaz-Plaja, Guillermo (Author)
Format: Bog
Sprog:spansk
Udgivet: Madrid Aguilar 1958
Serier:Ensayistas Hispánicos
Fag:
Tags: Tilføj Tag
Ingen Tags, Vær først til at tagge denne postø!

MARC

LEADER 00000cam a2200000 a 4500
001 UCT3617
003 CL-VaPUC
005 20241120100006.0
008 961024e19580000SP |||||||||||||||||spa|d
999 |c 253194  |d 253192 
040 |c Pontificia Universidad Católica de Valparaíso 
082 0 4 |a 861.09  |b DIA  |2 21 
100 0 |a Díaz-Plaja, Guillermo  |e author  |9 372542 
245 1 0 |a Juan Ramón Jiménez en su poesía 
260 |a Madrid  |b Aguilar  |c 1958 
300 |a 334 p 
490 0 |a Ensayistas Hispánicos 
583 |a last modification  |c 20120620 11:04:24  |k Rodrigo Vera 
600 0 |a Jiménez, Juan Ramón,  |d 1881-1958  |9 858379 
650 0 |a Poesías españolas  |9 265100 
650 0 |a Crítica e interpretación   |9 255042 
852 |a BIBCUR 
942 |c BK  |2 ddc 
945 |d 19961024 00:00:00  |a rleighto 
952 |0 0  |1 0  |4 0  |6 861_090000000000000_DIA_1958  |7 0  |8 A  |9 273844  |a BIBEDU  |b BIBEDU  |d 2019-11-19  |i 3239306  |o 861.09 DIA 1958  |p 3239306  |r 2019-11-19  |w 2019-11-19  |y BK  |k LIT 
952 |0 0  |1 0  |4 0  |6 861_090000000000000_DIA_1958  |7 0  |8 A  |9 273845  |a BIBEDU  |b BIBEDU  |d 2019-11-19  |i 1434470  |o 861.09 DIA 1958  |p 1434470  |r 2019-11-19  |w 2019-11-19  |y BK  |k LIT 
952 |0 0  |1 0  |4 0  |6 861_090000000000000_DIA_1958  |7 0  |8 A  |9 273846  |a BIBEDU  |b BIBEDU  |d 2019-11-19  |i 4831535  |o 861.09 DIA 1958  |p 4831535  |r 2019-11-19  |w 2019-11-19  |y BK  |k LIT